• 首页
  • 本馆介绍
  • 公告通知
  • 最新文献
  • 馆藏检索
  • 电子资源
  • 读者导购
  • 参考咨询
  • 我的图书馆
  • 登录
  • 详细信息显示
  • 放入我的书架
  • 预约/预借图书
  • 作者相关作品
  • 分类相关作品
  • 丛书相关作品
  • 出版社相关作品

书目信息

  • 表格格式
  • 工作单格式
  • 卡片格式
题名:
图书馆管理与资源开发建设
    
 
作者: 刘淑玲 主编
分册:  
出版信息: 长春   吉林出版集团股份有限公司  2022.08
页数: 204页
开本: 24cm
丛书名:
单 册:
中图分类: G251 , G250.73
科图分类:
主题词: 图书馆管理 , 图书馆--信息资源--资源建设
电子资源:
ISBN: 978-7-5581-9888-5
000 01119nam0 2200253 450
001 012001001009
005 20140201102206.0
010    @a978-7-5581-9888-5@dCNY60.00
100    @a20220905d2022 em y0chiy0110 ea
101 0  @achi
102    @aCN@b220000
105    @aa z 000yy
106    @ar
200 1  @a图书馆管理与资源开发建设@Atu shu guan guan li yu zi yuan kai fa jian she@f刘淑玲主编
210    @a长春@c吉林出版集团股份有限公司@d2022.08
215    @a204页@c图@d24cm
330    @a本书是一本关于图书馆管理与资源开发建设的图书,概括介绍了图书馆资源的内涵、类型,图书馆资源管理目标,管理基础理论的历史沿革等内容,重点对现代图书馆资源质量管理开发利用进行了研究,旨在让人了解和使用图书馆资源,熟悉图书馆管理流程,以推动图书馆事业的发展。本书主要针对图书馆目前在管理和资源开发建设方面存在的问题进行研究,将现代管理方法纳入图书馆管理的体系中,并对图书馆资源开发建设提出建设性的意见和建议。
606 0  @a图书馆管理
606 0  @a图书馆@x信息资源@x资源建设
690    @aG251@v5
690    @aG250.73@v5
701  0 @a刘淑玲@Aliu shu ling@4主编
801  0 @aCN@bAHXH@c20221111
905    @b1365510-2@dG251@e48@f3
    
    图书馆管理与资源开发建设/刘淑玲主编.-长春:吉林出版集团股份有限公司,2022.08
    204页:图;24cm
    
    
    ISBN 978-7-5581-9888-5:CNY60.00
    本书是一本关于图书馆管理与资源开发建设的图书,概括介绍了图书馆资源的内涵、类型,图书馆资源管理目标,管理基础理论的历史沿革等内容,重点对现代图书馆资源质量管理开发利用进行了研究,旨在让人了解和使用图书馆资源,熟悉图书馆管理流程,以推动图书馆事业的发展。本书主要针对图书馆目前在管理和资源开发建设方面存在的问题进行研究,将现代管理方法纳入图书馆管理的体系中,并对图书馆资源开发建设提出建设性的意见和建议。
●
相关链接 在E读中查询图书 在五车中查询图书 在当当中查询图书 在豆瓣中查询图书


正题名:图书馆管理与资源开发建设     索取号:G251/48         预约/预借

序号 登录号 条形码 馆藏地/架位号 状态 备注
1 1365510   213655105   第一样本阅览室/ [索取号:G251/48] 在馆    
2 1365511   213655114   第四借阅区/ [索取号:G251/48] 在馆    
3 1365512   213655123   第四借阅区/ [索取号:G251/48] 在馆    
欢迎您!
大连网信软件有限公司© 版权所有